01301nam a2200313Ia 4500001001200000003000800012006001900020007001500039008004100054010001700095020001800112040002100130035002100151050002800172082001900200100002900219245013500248260005400383300004200437504005100479533015200530600003300682600003200715650005100747655002900798710001700827856012600844999001700970ebr10406913CaPaEBRm u cr cn|||||||||091123s2010 miuaf sb s001 0deng d z 2009047781 z9780472117178 aCaPaEBRcCaPaEBR a(OCoLC)65721755114aPS3529.N5bZ6776 2010eb04a812/.52aB2221 aKing, W. D.q(W. Davies)10aAnother part of a long storyh[electronic resource] :bliterary traces of Eugene O'Neill and Agnes Boulton /cWilliam Davies King. aAnn Arbor :bUniversity of Michigan Press,c2010. axix, 299 p., [8] p. of plates :bill. aIncludes bibliographical references and index. aElectronic reproduction.bPalo Alto, Calif. :cebrary,d2010.nAvailable via World Wide Web.nAccess may be limited to ebrary affiliated libraries.10aO'Neill, Eugene,d1888-1953.10aBoulton, Agnes,d1893-1968. 0aDramatists, Americany20th centuryvBiography. 7aElectronic books.2local2 aebrary, Inc.40uhttp://site.ebrary.com/lib/rucke/Doc?id=10406913zAn electronic book accessible through the World Wide Web; click to view c81201d81201